000 00760aam a2200289 i 4500
001 768714001
003 CO-MdFUSB
005 20250430113916.0
007 ta
008 250430t1983 sp |||| |||| 00| 0 spa d
020 _a84-7228-793-9
040 _cCO-MdFUSB
041 0 _aspa
082 0 4 _223
_a239
_bV695m
100 1 _aVila Ventura, Samuel (1902-)
_eautor
245 1 0 _aManual de teología apologética
_c/ Samuel Vila
264 1 _bClie,
_aTerrassa, Barcelona, España :
_c[1983]
264 4 _c©1983
300 _a375 páginas
336 _atexto
_btxt
_2rdacontent
337 _2rdamedia
_asin mediación
_bn
338 _2rdacarrier
_avolumen
_bnc
563 _aRústico
650 7 _aApologética
_9187
942 _cBK
945 _aJTF-925
999 _c35154
_d35154